| 000 | 00868cam a2200277 a 4500 | ||
|---|---|---|---|
| 005 | 20260322212007.0 | ||
| 008 | data | ||
| 010 | _a 96008962 | ||
| 020 | _a084991132X | ||
| 020 | _a9780849911323 | ||
| 040 |
_aDLC _cDLC _dDLC |
||
| 050 | 0 | 0 |
_aBV4909 _b.S95 1996 |
| 082 | 0 | 0 |
_a248.8/6 _220 |
| 092 | _a248.8 S95 1996 | ||
| 100 | 1 | _aSwindoll, Charles R. | |
| 245 | 1 | 0 |
_aHope again / _cCharles R. Swindoll. |
| 260 |
_aDallas : _bWord Pub., _c1996. |
||
| 300 |
_axiii, 287 p. ; _c24 cm. |
||
| 504 | _aIncludes bibliographical references (p. 283-287). | ||
| 630 | 0 | 0 |
_aBible. _pPeter, 1st _pPeter, 1st _xDevotional literature. |
| 650 | 0 |
_aSuffering _xChristianity. _xChristianity. |
|
| 650 | 0 |
_aHope _xChristianity. _xChristianity. |
|
| 650 | 0 | _aConsolation. | |
| 856 | 4 | 2 |
_3Publisher description _uhttp://www.loc.gov/catdir/enhancements/fy0609/96008962-d.html |
| 001 | data | ||
| 999 |
_c122 _d122 |
||